| 000 | 00667nam a22002411i 4500 | ||
|---|---|---|---|
| 001 | 1913 | ||
| 003 | Uk | ||
| 005 | 20231010110404.0 | ||
| 020 |
_a9781407139661 (pbk.) : _c£4.99 |
||
| 040 |
_aStDuBDS _beng _cStDuBDS _dUk _erda |
||
| 082 | 0 | 4 |
_a823.92 _223 |
| 100 | 1 |
_aHawkins, Sarah, _eauthor. |
|
| 245 | 1 | 0 |
_aBad day for badger / _cby Sarah Hawkins. |
| 260 |
_aLondon : _bScholastic, _c2014 |
||
| 300 |
_a135 pages, 20 unnumbred pages of plates ; _c20 cm |
||
| 500 |
_aFormerly CIP. _5Uk |
||
| 505 | _aM | ||
| 521 |
_a730
_bLexile |
||
| 521 |
_aM
_bRaz-Plus |
||
| 650 | 0 |
_aAnimal rescue _vJuvenile fiction. |
|
| 655 | 0 | _aChildren's stories. | |
| 942 |
_2ddc _cBK _n0 |
||
| 999 |
_c1913 _d1913 |
||